The veil of Isis (Record no. 167873)

MARC details
000 -LEADER
campo de control de longitud fija 00659nam a22001935i 4500
001 - NÚMERO DE CONTROL
campo de control 167873
003 - IDENTIFICADOR DE NÚMERO DE CONTROL
campo de control ES-MaACL
005 - FECHA Y HORA DE LA ÚLTIMA TRANSACCIÓN
campo de control 20230906213620.0
008 - DATOS DE LONGITUD FIJA--INFORMACIÓN GENERAL
campo de control de longitud fija 050929s1885 ie | |||||||| ||eng d
040 ## - FUENTE DE CATALOGACIÓN
Centro catalogador/agencia de origen CAM
Lengua de catalogación spa
Centro/agencia transcriptor CAM
100 1# - ENTRADA PRINCIPAL--NOMBRE DE PERSONA
Nombre de persona Webb, Thos. E.
9 (RLIN) 133888
245 14 - MENCIÓN DEL TÍTULO
Título The veil of Isis
Resto del título : a series of essays on idealism /
Mención de responsabilidad, etc. by Thos. E. Webb.
260 ## - PUBLICACIÓN, DISTRIBUCIÓN, ETC.
Lugar de publicación, distribución, etc. Dublin ;
-- London :
Nombre del editor, distribuidor, etc. Hodges, Figgis & Co. :
-- Longmans, Green & Co.,
Fecha de publicación, distribución, etc. 1885.
300 ## - DESCRIPCIÓN FÍSICA
Extensión XIII, 365 p. ;
Dimensiones 23 cm.
490 1# - MENCIÓN DE SERIE
Mención de serie Dublin University Press Series
830 0# - PUNTO DE ACCESO ADICIONAL DE SERIE-TÍTULO UNIFORME
Título uniforme Dublin University Press Series
9 (RLIN) 188771
852 ## - LOCALIZACIÓN
Ubicación ES-MaACL
Número de control de estantería F-94
Nota libre -- Enc. tela verde
Holdings
Estatus retirado Estado de pérdida Estado de daño No para préstamo Colección Biblioteca de origen Biblioteca actual Ubicación en estantería Fecha de adquisición Fuente de adquisición Total de préstamos Signatura topográfica completa Código de barras Visto por última vez Precio de reemplazo Tipo de ítem Koha
        Libros del s. XIX Biblioteca del Ateneo de Madrid Biblioteca del Ateneo de Madrid Depósito 2 17/01/2008     F-94 1176118 23/02/2023 23/02/2023 Libro impreso antiguo